Rešenije trajektornych zadač v mikroprocessornych sistemach ČPU

Salvato in:
Dettagli Bibliografici
Autore principale: Bajkov, Vladimir Dimitrijevič
Altri autori: Vaškovič, Sergej Nikolajevič
Natura: Libro
Lingua:russo
Pubblicazione: Leningrad Mašinostrojenije 1986
Tags: Aggiungi Tag
Nessun Tag, puoi essere il primo ad aggiungerne!!

MARC

LEADER 00000nam a2200000 4500
001 c103426
005 20041019155129.3
041 0 |a rus 
044 |a RU 
245 1 0 |a Rešenije trajektornych zadač v mikroprocessornych sistemach ČPU  |c Vladimir Dimitrijevič Bajkov, Sergej Nikolajevič Vaškovič 
264 1 |a Leningrad  |b Mašinostrojenije  |c 1986 
300 |a 104 s. 
100 1 |a Bajkov, Vladimir Dimitrijevič 
700 1 |a Vaškovič, Sergej Nikolajevič